000 00492nam a2200145 i 4500
001 40359
003 ES-MaACL
007 t|
008 030305q1874 fr ||||1| fre d
100 1 _aCarrau, Ludovic.
_935590
245 1 3 _aLa morale militaire
_b: exposition et critique des doctrines qui fondent la morale sur l'idée du bonheur /
_cpar Ludovic Carrau.
260 _aParis :
_b[s.n.,
_c1874?] (
_eBesançon :
_fJ. Jacquin)
300 _aXVI, 621 p. ;
_c22 cm.
852 _aES-MaACL
_jG-12775
999 _c40359
_d40359